Statistics for The Most Watched TV Shows: UK

Click here to take the quiz!

General Stats

  • This quiz has been taken 224 times
  • The average score is 2 of 10

Answer Stats

YearChannelAnswer% Correct
Christmas 86'BBC ONEEASTENDERS
87%
Christmas 87'ITV1CORONATION STREET
81%
New Year 96'BBC ONEONLY FOOLS AND HORSES
46%
67'BBC ONEMISS WORLD
2%
Diana 95'BBC ONEPARANORMA
2%
79'BBC ONETO THE MANOR BORN
2%
65'ITV1ROYAL VARIETY PERFORMANCE
1%
67'ITV1SUNDAY NIGHT AT THE LONDON PALLADIUM
1%
77'ITV1THIS IS YOUR LIFE
1%
71'ITV1THE BENNY HILL SHOW
0%

Score Distribution

Percentile by Number Answered

Percent of People with Each Score

Your Score History

You have not taken this quiz